000 00812 a2200157 4500
003 Nust
005 20170207154123.0
040 _cNust
082 _a003.74
100 _aDavid K. Cheng
245 _aAnalysis of linear Systems
260 _aLondon
_bAddison Wesely
_c1959
300 _a421 pages
505 _aCharacteristics of a linear Systems (page-1) Classical Solutions of linear Differential Equations (Page-14) Lumped Elements Electrical Systems (Page-43) Analogous Systems (Page-97) Analysis by founders Methods (Page-121) The Laplace Transmission (Page-155) Applications of Laplace Transformers (Page-181) Additional Concepts and theorems (Page-220) Systems with Feedback (Page-257) Sampled Data systems (Page-303) Systems with Distributed Parameters (Page-348)
538 _aAlmirah No. 126 and Shelf No. 1
942 _2ddc
_cBK
999 _c194406
_d194406